| 000 | 00624aam a2200217 4500 | ||
|---|---|---|---|
| 005 | 20161121152911.0 | ||
| 008 | 150413b xxu||||| |||| 00| 0 spa d | ||
| 041 | _aspa | ||
| 082 | _a371.425 V145o2 | ||
| 100 |
_aValdes Salmerón, Verónica _916566 |
||
| 245 | _aOrientación profesional: un enfoque sistemático | ||
| 250 | _a2 edición | ||
| 260 |
_aMéxico _bPearson _c2004 |
||
| 300 | _a136 páginas | ||
| 650 |
_aORIENTACION PROFESIONAL _916238 |
||
| 650 |
_aFACTORES INTERNOS _933158 |
||
| 650 |
_aFACTORES EXTERNOS _933159 |
||
| 650 |
_aPLAN DE VIDA _933160 |
||
| 650 |
_aTOMA DE DECISION. _933161 |
||
| 942 | _cBK | ||
| 999 |
_c4527 _d4527 |
||